Dragon Ball Legends Character Tags - Statistics

General Stats
  • This quiz has been taken 203 times
  • The average score is 19 of 37
Answer Stats
Example Character Answer % Correct
Shallot Saiyan
86%
Goku Son Family
83%
Cell Android
82%
Gogeta Fusion
82%
Super Vegeta Super Saiyan
74%
Trunks Future
67%
Lord Slug Regeneration
64%
Krillin Super Warrior
64%
Hyper Meta-Rilldo GT
63%
Pan Hybrid Saiyan
61%
Hit Universe 6
60%
Frieza Frieza Force
59%
Vegito Potara
59%
Zamasu God Ki
58%
Chilled Lineage of Evil
58%
Vegeta Vegeta Family
58%
Whis Angel
56%
Beerus God of Destruction
55%
Captain Ginyu Ginyu Force
53%
Goten Kids
52%
Piccolo Namekian
52%
Gohan Super Saiyan 2
52%
Ribrianne Universe 2
52%
Gotenks Super Saiyan 3
51%
Super #13 Fusion Warrior
46%
Goku/Vegeta Super Saiyan God
40%
Paikuhan Otherworld Warrior
38%
Goku/Vegeta Super Saiyan 4
36%
Bulma Female Warrior
33%
Cell Jr. Minion
32%
Buu Absorption
27%
Goku/Vegeta Super Saiyan God SS
27%
Android #18 Twins
27%
Goku Black Super Saiyan Rosé
25%
Boujack Transforming Warrior
24%
Super #17 Merging
20%
Great Saiyaman Legends Road
13%
No matching quizzes found
Score Distribution
Percent of People with Each Score
Percentile by Number Answered
Your Score History
You have not taken this quiz